000 00259nam a2200109Ia 4500
008 190216s9999||||xx |||||||||||||| ||und||
100 _aGovt Of India Plannig Comm
245 0 _aCompanies Act 1956
260 _bGovt.Kerala
_c1966
300 _a568p
942 _cBK
999 _c3972
_d3972